De noodigste grondregelen der Nederduitsche spraekkunst, met toegepaste oefeningen, voor eerstbeginnenden. Eerste deel

Gespeichert in:
Bibliographische Detailangaben
Format: keine Angabe
Sprache:Niederländisch
Erschienen: Brussel Boekd. van Joachims-Claes/Dépôt by R. Boisacq 1854
Ausgabe:tweede druk
Katalog:MANES:  Suchergebnis im Bibliothekskatalog
Schulbuchspezifische Eigenschaften:
Schlagworte:
Tags: Tag hinzufügen
Keine Tags, Fügen Sie den ersten Tag hinzu!
Hinzugefügt zu:26.04.2016

MARC

LEADER 000000000a22000000004500
001 23879
008 160427s be ||||| |||| 00| 0 dut d
040 |a manes  |c manes 
041 |a Neerlandés 
245 0 0 |a De noodigste grondregelen der Nederduitsche spraekkunst, met toegepaste oefeningen, voor eerstbeginnenden. Eerste deel 
250 |a tweede druk 
260 3 |a Brussel  |b Boekd. van Joachims-Claes/Dépôt by R. Boisacq  |c 1854 
300 |a VIII+71 p. 
500 |a CaA, 1854 
546 |a Bélgica 
655 7 |a Primaria 
942 |2 ddc  |c BK 
999 |c 46207  |d 46207 
999 |c manes:46207  |d 46207